000 00930nas a2200301 4500
001 BR2012009781
003 BR-BrBNA
005 20231205121718.0
007 ta
008 230509b bl.|||p| |||| 00| 00por d
040 _aBR-BrBNA
_bpor
_cBiblioteca Nacional de Agricultura
041 _a(En)
072 _aQ02; Q04
100 1 _aMathias, T.R. dos S.
100 1 _aCarvalho Junior, I.C. de
100 1 _aCarvalho, C.W.P. de
100 1 _aSérvulo, E.F.C.
245 1 _aRheological characterization of coffee-flavored yogurt with different types of thickener
650 _aIOGURTE
650 _aMERCADO
650 _aCONSUMIDOR
650 _aGELATINA
650 _aCOMPOSIÇÃO QUÍMICA
650 _aTECNOLOGIA DE ALIMENTO
773 0 _tAlimentos e Nutrição (Brazil)
_xISSN 0103-4235
_g(Oct-Dec 2011), v. 22(4) p. 521-529
_wBR2012009781
909 _a202311
_bLúcia
_c55
_dLúcia Elande
942 _2AGRIS
_n0
_cANA
999 _c224855
_d224855